00478nam a2200193 a 4500001001300000003000900013005001700022008004100039020001000080082001600090100002600106245002100132260003400153300000900187500003500196650001400231650001300245700002600258nice12345678IN_TiNIC20260116011857.0070710s0000 sada grp 000 0 urd  ac10000a297.65bMOH aMohsin, Syed Muhammad aKhilafat-E-awwal aSadhura bNo Publisher c0000 a169p aincludes index and biblioraphy aCaliphate aAbu Bakr1 aMohsin, Syed Muhammad